Statistics for Manchester United v Liverpool XIs 2017-2022

Click here to take the quiz!

General Stats

  • This quiz has been taken 350 times
  • The average score is 44 of 64

Answer Stats

Answer% Correct
Alisson Becker
99%
David de Gea
98%
Mohamed Salah
98%
Virgil van Dijk
98%
Sadio Mané
97%
Trent Alexander-Arnold
96%
Roberto Firmino
95%
Andrew Robertson
94%
Dean Henderson
93%
Jordan Henderson
93%
Marcus Rashford
93%
Luke Shaw
89%
Harry Maguire
88%
Joël Matip
88%
Fabinho
87%
Anthony Martial
85%
Joe Gomez
84%
Phil Jones
83%
Aaron Wan-Bissaka
82%
Bruno Fernandes
82%
James Milner
82%
Loris Karius
82%
Cristiano Ronaldo
81%
Diogo Jota
81%
Fred
80%
Scott McTominay
79%
Victor Lindelöf
79%
Paul Pogba
78%
Thiago Alcântara
77%
Simon Mignolet
75%
Georginio Wijnaldum
73%
Ibrahima Konaté
73%
Luis Díaz
73%
Naby Keïta
71%
Diogo Dalot
70%
Dejan Lovren
69%
Chris Smalling
64%
Romelu Lukaku
63%
Juan Mata
62%
Eric Bailly
61%
Nemanja Matić
61%
Divock Origi
60%
Nathaniel Clyne
60%
Antonio Valencia
59%
Edinson Cavani
56%
Ashley Young
55%
Mason Greenwood
55%
Philippe Coutinho
54%
Jesse Lingard
53%
Nathaniel Phillips
53%
Alex Oxlade-Chamberlain
52%
Ander Herrera
52%
Brandon Williams
47%
Rhys Williams
47%
Alberto Moreno
46%
Emre Can
44%
Anthony Elanga
40%
Daniel James
40%
Xherdan Shaqiri
40%
Marcos Rojo
37%
Matteo Darmian
37%
Alexis Sánchez
36%
Andreas Pereira
27%
Henrikh Mkhitaryan
25%

Score Distribution

Percentile by Number Answered

Percent of People with Each Score

Your Score History

You have not taken this quiz